01362nam a2200301 a 450000100060000000300080000600500170001400800410003103500190007204000350009104100080012608200280013410000380016224501680020025000120036826000450038030000270042549000340045250400500048665100540053665100540059065100570064483000410070194200120074299900170075495201500077195201390092144527BD-RjUL20211209053856.0190223s1950 enk b 001 0 eng  a(BD-RjUL)44645 aBD-RjULbengcBD-RjULdBD-RjUL aeng 223a330.95403bDUE 19501 aDutt, Romesh,d1848-1909.922849414aThe economic history of India under early British rule :bfrom the rise of the British power in 1757 to the accession of Queen Victoria in 1837 /cby Romesh Dutt. a7th ed. aLondon :bRoutledge & Kegan Paul,c1950. axxiv, 436 p. ;c21 cm.1 aTrübner's Oriental series.  aIncludes bibliographical footnotes and index. 0aIndiaxEconomic conditionsy18th century.9228495 0aIndiaxEconomic conditionsy19th century.9228496 0a India xPolitics and government y1765-19479228497 0aTrübner's oriental series.9228498 2ddccBK c44527d44527 00102ddc40718RAREaRUCLbRUCLcRared1955-09-12eB. H. Blackwellg185.00l0oRA 330.95403 DUE 1950r2019-02-23 00:00:00tC-1w2021-12-09yRAR 00102ddc40708NFICaRUCLbRUCLcStackd1956-02-02eA. B. C.g14.10l0o330.95403 DUE 1950r2019-02-23 00:00:00tC-2w2021-12-09yBK